| 000 | 00631nam a2200253Ia 4500 | ||
|---|---|---|---|
| 001 | Z_3731 | ||
| 003 | CHAP | ||
| 005 | 20221020232927.0 | ||
| 007 | ta | ||
| 008 | 220113s9999 xx 000 0 und d | ||
| 010 | _a166812 | ||
| 040 | _cCHAP | ||
| 090 | _aR-72 | ||
| 100 | 1 |
_aAlvarez Piña, Jesús A. _94961 |
|
| 245 | 1 | 0 |
_aManual básico para el curtido de pieles de conejo / _cpor Jesús A Álvarez Piña |
| 260 |
_as.l. : _bs.e., _c |
||
| 300 | _a5 hojas | ||
| 650 | 1 |
_aCurtido _xPieles _9140933 |
|
| 650 | 1 |
_aPieles _xCurtido _9140934 |
|
| 901 | _aR-72 | ||
| 902 | _aA | ||
| 910 | _a | ||
| 942 |
_cREIMP _2local |
||
| 999 |
_c166812 _d166812 |
||